Born in 1935 - Statistics

General Stats
  • This quiz has been taken 128 times
  • The average score is 9 of 16
Answer Stats
Hint Answer % Correct
Nothing but a Hound Dog Elvis Presley
96%
Tibetan Buddhist leader Dalai Lama
82%
Congressman & Mr. Cher Sonny Bono
81%
Played Maria von Trapp Julie Andrews
78%
One of the “Three Tenors” Luciano Pavarotti
69%
Wild early rock ‘n’ roll pianist Jerry Lee Lewis
68%
Diminutive Brit actor, pianist. “Arthur” Dudley Moore
57%
…and the Tijuana Brass Herb Alpert
57%
Director of “Zelig,” voice in “Antz” Woody Allen
54%
White-haired daytime talk-show pioneer Phil Donahue
48%
Played Skipper’s little buddy Bob Denver
44%
First female VP candidate Geraldine Ferraro
44%
Great Dodgers pitcher, Jewish Sandy Koufax
37%
Doctor, libertarian, presidential candidate Ron Paul
29%
One-name artist, made “gates” in Central Park Christo
21%
Evangelist & prostitute client who tearfully resigned Jimmy Swaggart
18%
No matching quizzes found
Score Distribution
Percent of People with Each Score
Percentile by Number Answered
Your Score History
You have not taken this quiz